Sedmý hřích se trestá smrtí : záhada godstowského kláštera /

Hlavní autor: Whitton, Hana, 1950-
Další autoři: Vrána, Miloš, Saic, Jakub, 1969-
Jazyk: Čeština
Vydáno: [Praha] : Témbr, 2022
Témata:
Fyzický popis: 1 audiodisk (5 hod., 55 min.) ; 12 cm
Zvukové nahrávky
Uloženo v:
LEADER 01696nim a2200505 i 4500
001 001829249
003 CZ BrMZK
005 20220829091957.0
007 sd fungnnmmned
008 220718t20222022xr ||nng f n cze
015 |a cnb003436741 
024 3 |a 8596434013027 
040 |a BOA001  |b cze  |e rda 
072 7 |a 821.162.3-3  |x Česká próza  |2 Konspekt  |9 25 
080 |a 821.162.3-31  |2 MRF 
080 |a (0:82-311.6)  |2 MRF 
080 |a (0:82-312.4)  |2 MRF 
080 |a (086.7)08  |2 MRF 
080 |a (086.76)  |2 MRF 
100 1 |a Whitton, Hana,  |d 1950-  |7 jn19981001688  |4 aut 
245 1 0 |a Sedmý hřích se trestá smrtí :  |b záhada godstowského kláštera /  |c Hana Whitton 
246 3 0 |a Záhada godstowského kláštera 
264 1 |a [Praha] :  |b Témbr,  |c 2022 
264 4 |c ©2022 
300 |a 1 audiodisk (5 hod., 55 min.) ;  |c 12 cm 
306 |a 055500 
336 |a mluvené slovo  |b spw  |2 rdacontent 
337 |a audio  |b s  |2 rdamedia 
338 |a audiodisk  |b sd  |2 rdacarrier 
344 |a digital  |b optical  |2 rda 
347 |a audio soubor  |b MP3  |2 rda 
500 |a Název z disku 
508 |a Režie Miloš Vrána 
511 0 |a Čte Jakub Saic 
655 7 |a české romány  |7 fd133974  |2 czenas 
655 7 |a historické romány  |7 fd132414  |2 czenas 
655 7 |a detektivní romány  |7 fd132010  |2 czenas 
655 7 |a audioknihy  |7 fd119452  |2 czenas 
655 7 |a kompaktní disky  |7 fd201991  |2 czenas 
700 1 |a Vrána, Miloš  |7 xx0209201  |4 drt 
700 1 |a Saic, Jakub,  |d 1969-  |7 xx0225636  |4 nrt 
910 |a BOA001  |b CDR-1491.494 
990 |a AV 
991 |b 202208  |c NOV 
996 6 |b 2610910761  |c CDR-1491.494  |l MZK  |r Sklad / do 24 hodin  |n 1  |p p.v.  |w 001894730  |u 000010  |a 1  |e BOA001  |j MZK50  |s P